000 00853cpcaa2200241 4500
001 mm 79000287
003 DLC
005 20260227111630.0
008 790124|||||||||||| eng
010 _amm 79000287
040 _aDLC
_cDLC
_edacs
_dDLC
072 7 _aC
_2lcmd
100 1 _aBraxton, Carter,
_d1736-1797.
245 0 0 _aCarter Braxton note,
_f1789.
300 _a1
_fitem.
506 0 _aOpen to research.
545 0 _aDelegate to the U.S. Continental Congress from Virginia.
546 _aCollection material in English.
580 _aForms part of: Miscellaneous Manuscripts collection.
656 7 _aDelegates, U.S. Continental Congress
_zVirginia.
_2itoamc
999 _c40270
_d40270